Normal view
MARC view
Entry Personal Name
001 - CONTROL NUMBER
- control field: 38349
003 - CONTROL NUMBER IDENTIFIER
- control field: OSt
005 - DATE AND TIME OF LATEST TRANSACTION
- control field: 20160214121717.0
008 - FIXED-LENGTH DATA ELEMENTS
- fixed length control field: 160214|| aca||aabn | a|a d
040 ## - CATALOGING SOURCE
- Original cataloging agency: OSt
- Transcribing agency: OSt
100 ## - HEADING--PERSONAL NAME
- Personal name: तिवारी डा. धीरेन्द्र कुमार
670 ## - SOURCE DATA FOUND
- Source citation: Work cat.: (OSt)27929: तिवारी डा. धीरेन्द्र कुमार , इंदिरा गांधी का भारतीय राजजनीति में योगदान , 1983









